000 00301nam a22001337a 4500
008 171013b xxu||||| |||| 00| 0 eng d
020 _a9789280810707
041 _aeng
080 _a316
100 _a51
101 _aSOC
245 _aFROM CIVIL STRIFE TO CIVIL SOCIETY
_cMALEY,W
942 _2udc
_cBK
999 _c33708
_d33708